Score 0/24 Timer 04:00
0 Plays Today
IRENTEDGIN INGREDIENT % Correct
TWEERPtin
96.6%
TWEERPlead
92.1%
RIFEfuel
87.5%
ERBEhops
86.9%
RIFEheat
84.8%
MORSE'Schocolate
82%
ERBEBEER
80.2%
MORSE'Smarshmallows
79.5%
MORSE'Sgraham crackers
78%
TWEERPcopper
77%
ERBEyeast
76.2%
MORSE'SS'MORES
76.1%
IRENTEDGIN INGREDIENT % Correct
RIFEoxygen
74.6%
ERBEbarley
72.1%
RIFEFIRE
65.4%
DOWNPURGEsulfur
56.2%
DOWNPURGEcharcoal
45.2%
TRYBEATanode
21.8%
TRYBEATcathode
15.9%
TRYBEATBATTERY
14.6%
TRYBEATelectrolyte
13.9%
TWEERPPEWTER
12.8%
DOWNPURGEGUNPOWDER
9%
DOWNPURGEsaltpeter
6.2%

You're not logged in!

Compare scores with friends on all Sporcle quizzes.
OR
Log In

Sporcle TV

Today on Sporcle TV


Watch our educational content, quiz creation guides, and fun videos on Sporcle TV.

Show Comments

Extras

Top Quizzes Today


Score Distribution

Your Account Isn't Verified!

In order to create a playlist on Sporcle, you need to verify the email address you used during registration. Go to your Sporcle Settings to finish the process.

Report this User

Report this user for behavior that violates our Community Guidelines.

Details: